Comme une autobiographie / (Record no. 5428)

MARC details
000 -LEADER
campo de control de longitud fija 00808nam a2200265 i 4500
001 - NÚMERO DE CONTROL
campo de control 5428
003 - IDENTIFICADOR DE NÚMERO DE CONTROL
campo de control ES-MaACL
005 - FECHA Y HORA DE LA ÚLTIMA TRANSACCIÓN
campo de control 20250814083424.0
007 - CAMPO FIJO DE DESCRIPCIÓN FÍSICA--INFORMACIÓN GENERAL
campo de control de longitud fija t|
008 - DATOS DE LONGITUD FIJA--INFORMACIÓN GENERAL
campo de control de longitud fija 880615s1985 fr ||||1| fre d
020 ## - NÚMERO INTERNACIONAL ESTÁNDAR DEL LIBRO
Número Internacional Estándar del Libro 2-86642-027-1
080 ## - NÚMERO DE LA CLASIFICACIÓN DECIMAL UNIVERSAL
Número de la Clasificación Decimal Universal 92 Kurosawa,A.
080 ## - NÚMERO DE LA CLASIFICACIÓN DECIMAL UNIVERSAL
Número de la Clasificación Decimal Universal 791.44.071.1 Kurosawa
100 1# - ENTRADA PRINCIPAL--NOMBRE DE PERSONA
Nombre de persona Kurosawa, Akira.
9 (RLIN) 69061
245 10 - MENCIÓN DEL TÍTULO
Título Comme une autobiographie /
Mención de responsabilidad, etc. Akira Kurosawa; traduit de l'anglais par Michel Chion.
260 ## - PUBLICACIÓN, DISTRIBUCIÓN, ETC.
Lugar de publicación, distribución, etc. [Paris] :
Nombre del editor, distribuidor, etc. Seuil,
Fecha de publicación, distribución, etc. [D.L.1985]
300 ## - DESCRIPCIÓN FÍSICA
Extensión 223 p., 4 h.de lam ;
Dimensiones 24 cm.
490 1# - MENCIÓN DE SERIE
Mención de serie Cahiers du cinéma
500 ## - NOTA GENERAL
Nota general Filmografia: p.218-223.
600 14 - PUNTO DE ACCESO ADICIONAL DE MATERIA--NOMBRE DE PERSONA
Nombre de persona Kurosawa, Akira.
9 (RLIN) 69061
700 1# - ENTRADA AGREGADA--NOMBRE PERSONAL
Nombre de persona Chion, Michel.
9 (RLIN) 38537
830 0# - PUNTO DE ACCESO ADICIONAL DE SERIE-TÍTULO UNIFORME
Título uniforme Cahiers du cinéma
9 (RLIN) 177465
852 ## - LOCALIZACIÓN
Ubicación ES-MaACL
Número de control de estantería L-12123
Sublocalización o colección R.114460
Nota libre . - Rust.
Holdings
Estatus retirado Estado de pérdida Estado de daño No para préstamo Biblioteca de origen Biblioteca actual Ubicación en estantería Fecha de adquisición Fuente de adquisición Total de préstamos Signatura topográfica completa Código de barras Visto por última vez Precio de reemplazo Tipo de ítem Koha
        Biblioteca del Ateneo de Madrid Biblioteca del Ateneo de Madrid Depósito 2 17/01/2008     L-12123 1005495 23/02/2023 23/02/2023 Libro impreso